00723nam a2200229Ii 45000010005000000030009000050080041000140200015000550400033000700410008001030840012001111000023001232450014001462640035001603000012001953360026002073370028002333380027002619400050002889990017003389520138003559650CO-ViMGA241108s9999||||xx |||||||||||||| ||und|| a8437218268 aCO-ViMGAbspaerdacCO-ViMGA0 aspa aC HEI1v1 aHelme Heine94774210aLa visita 1aMadrid, España : Altea, 1986 avolumen atextbtxt2rdacontent aunmediatedbn2rdamedia avolumebnc2rdacarrier aidficha_siabuc: 9436. -- ficha_no_siabuc:9650 c42345d42345 001040708InfPoTiaMEVIGERRbMEVIGERRcSInfd2006-11-27oC HEI1vpECA10161r2024-11-26 09:06:20tEj.1w2024-11-26yBKz9436 | 12974